[Event "Rheinhausen-ch 13th"]
[Site "Duisburg Rheinhausen"]
[Date "2009.01.09"]
[Round "1"]
[White "Heinert, Eugen"]
[Black "Stermann, Sebastian"]
[Result "1-0"]
[WhiteElo "1931"]
[BlackElo "1435"]
[PlyCount "45"]
[EventDate "2009.01.09"]
[EventType "swiss"]
[EventRounds "7"]
[EventCountry "GER"]
[SourceTitle "EXT 2018"]
[Source "ChessBase"]
[SourceDate "2017.10.13"]
[SourceVersion "1"]
[SourceVersionDate "2017.10.13"]
[SourceQuality "1"]

1. d4 Nf6 2. c4 g6 3. Nc3 Bg7 4. e4 d6 5. f3 0-0 6. Bg5 Nbd7 7. Qd2 c5 8. d5 a6 9. Bh6 Nb6 10. g4 e5 11. h4 Qc7 12. h5 Ne8 13. Bd3 f5 14. hxg6 hxg6 15. gxf5 gxf5 16. Nh3 f4 17. Bxg7 Nxg7 18. Ng5 Qe7 19. Rh8+ Kxh8 20. Qh2+ Nh5 21. Qxh5+ Kg7 22. Qh7+ Kf6 23. Qh6# 1-0

[Event "Duesseldorf Nord Cup 8th GrL"]
[Site "Duesseldorf"]
[Date "2008.08.01"]
[Round "1"]
[White "Marx, Patrick"]
[Black "Stermann, Sebastian"]
[Result "1-0"]
[WhiteElo "1370"]
[BlackElo "1452"]
[PlyCount "63"]
[EventDate "2008.08.01"]
[EventType "tourn"]
[EventRounds "5"]
[EventCountry "GER"]
[SourceTitle "EXT 2020"]
[Source "ChessBase"]
[SourceDate "2019.10.17"]
[SourceVersion "1"]
[SourceVersionDate "2019.10.17"]
[SourceQuality "1"]

1. d4 g6 2. Nf3 Bg7 3. e4 d6 4. Nc3 Nf6 5. Be3 0-0 6. Bd3 Nbd7 7. Qd2 Ng4 8. Bg5 h6 9. Bh4 c5 10. dxc5 Nxc5 11. 0-0 Nxd3 12. cxd3 f6 13. d4 g5 14. Bg3 h5 15. h3 Nh6 16. Rfd1 g4 17. hxg4 Nxg4 18. Nh2 Bh6 19. Bf4 Bxf4 20. Qxf4 e5 21. Qg3 Kh8 22. Nxg4 Bxg4 23. f3 Bd7 24. dxe5 dxe5 25. Rd2 Rg8 26. Qh4 Qb6+ 27. Qf2 Qe6 28. Kh2 f5 29. Rad1 Rg7 30. Rd6 Qe8 31. Qd2 Be6 32. Qh6+ 1-0

[Event "Rheinhausen-ch 12th"]
[Site "Duisburg Rheinhausen"]
[Date "2008.02.15"]
[Round "5"]
[White "Stermann, Sebastian"]
[Black "Zahn, Fabian"]
[Result "1/2-1/2"]
[WhiteElo "1521"]
[BlackElo "1375"]
[PlyCount "31"]
[EventDate "2008.01.11"]
[EventType "swiss"]
[EventRounds "7"]
[EventCountry "GER"]
[SourceTitle "EXT 2018"]
[Source "ChessBase"]
[SourceDate "2017.10.13"]
[SourceVersion "1"]
[SourceVersionDate "2017.10.13"]
[SourceQuality "1"]

1. Nc3 e5 2. Nf3 Nc6 3. d4 exd4 4. Nxd4 Bb4 5. Nxc6 bxc6 6. Bd2 Nf6 7. g3 0-0 8. Bg2 Re8 9. 0-0 d5 10. a3 Bd6 11. Bg5 h6 12. Bxf6 Qxf6 13. e4 Ba6 14. Re1 Bc5 15. Qd2 Rad8 16. Qf4 1/2-1/2

[Event "Rheinhausen op"]
[Site "Duisburg"]
[Date "2005.01.07"]
[Round "1"]
[White "Pak, Maxim"]
[Black "Stermann, Sebastian"]
[Result "1/2-1/2"]
[WhiteElo "1809"]
[BlackElo "1431"]
[PlyCount "30"]
[EventDate "2005.01.07"]
[EventType "swiss"]
[EventRounds "7"]
[EventCountry "GER"]
[SourceTitle "EXT 2006"]
[Source "ChessBase"]
[SourceDate "2005.11.24"]
[SourceVersion "1"]
[SourceVersionDate "2005.11.24"]
[SourceQuality "1"]

1. e4 d6 2. d4 Nf6 3. Nc3 g6 4. f4 Bg7 5. Nf3 0-0 6. Be2 Nbd7 7. 0-0 c5 8. d5 a6 9. a4 Ne8 10. g4 Nc7 11. Be3 Rb8 12. a5 Nb5 13. Nxb5 axb5 14. Bxb5 Nf6 15. Qd3 Nxg4 1/2-1/2

[Event "Goch op 14th"]
[Site "Goch"]
[Date "2003.10.04"]
[Round "4"]
[White "Stermann, Sebastian"]
[Black "Klas, Guenther"]
[Result "0-1"]
[WhiteElo "1345"]
[BlackElo "1528"]
[PlyCount "58"]
[EventDate "2003.10.02"]
[EventType "swiss"]
[EventRounds "7"]
[EventCountry "GER"]
[SourceTitle "EXT 2006"]
[Source "ChessBase"]
[SourceDate "2005.11.24"]
[SourceVersion "1"]
[SourceVersionDate "2005.11.24"]
[SourceQuality "1"]

1. e4 c6 2. d4 d5 3. exd5 Nf6 4. Nc3 Qb6 5. Nf3 cxd5 6. Na4 Qc7 7. Bg5 Bf5 8. Bd3 Bxd3 9. Qxd3 Nbd7 10. 0-0 e6 11. Rfe1 Bb4 12. Re3 0-0 13. Ne5 Nxe5 14. dxe5 Ne4 15. f4 a6 16. Rg3 b5 17. Bf6 Qa7+ 18. Re3 Bd2 19. g4 Bxe3+ 20. Kg2 gxf6 21. exf6 bxa4 22. f5 Bg5 23. Rf1 Bxf6 24. fxe6 fxe6 25. c4 Qb7 26. Rf3 dxc4 27. Qxc4 Ng5 28. Qf1 Rac8 29. Qe2 Bxb2 0-1